00582nam a2200181 a 4500008004100000020002200041245011400063260003800177300002800215504004100243500002000284650003200304700002100336700001600357003000100373005001700374040000900391  a0122243560 (pbk.)00aComputerization and controversy :bvalue conflicts and social choices /cedited by Charles Dunlop, Rob Kling. aBoston :bAcademic Press,cc1991. axviii, 758 p. ;c23 cm. aIncludes bibliographical references. aIncludes index. 0aComputers and civilization.10aDunlop, Charles.10aKling, Rob.20230123133550.0 cNUST